000 00263nam a2200109Ia 4500
008 221009s9999 xx 000 0 und d
082 _a920/pat
100 _aPat, I.J.
_981231
245 0 _aBuilders Of Modern India
260 _bPublications Division
942 _cBK
999 _c64918
_d64918